000 01915nam a2200493 a 4500
001 C00608166
003 PE-LiUPU
005 20250731173604.0
007 ta
008 220601s2022 pe a b 000 0 spa
020 _a9786124787492
040 _apelibn
_bspa
_erda
_cPE-LiUPU
_dPE-LiUPU
082 1 4 _a220.9505
_bV719p
_223
100 1 _aVillar, Miluska,
_d1990-,
_eautor.
245 1 3 _aUn poquitito de Dios en mí :
_bvalores bíblico cristianos para niños /
_cMiluska Villar ; ilustraciones de Rita Romero.
250 _aPrimera edición.
264 3 1 _aLima :
_bEditorial Casa del Escritor,
_c2022.
300 _a96 páginas :
_bilustraciones en color ;
_c23 x 23 cm.
336 _aTexto
_2rdacontent
337 _asin mediación
_2rdamedia
338 _avolumen
_2rdacarrier
505 _aHospitalidad -- Tolerancia -- Orden -- Dominio propio -- Benevolencia -- Valentía -- Servicio -- Mansedumbre -- Humildad -- Puntualidad -- Disciplina -- Perdón.
526 _aSEG42
526 _aSEG41
526 _aSEG40
526 _aSEG39
526 _aP94
526 _aP87
526 _aP86
526 _aP85
526 _aP77
526 _aP76
526 _aP35
650 1 8 _aHistorias bíblicas
_xLiteratura infantil
_vAdaptaciones.
650 2 8 _aValores sociales
_xEnseñanza bíblica
_vLiteratura infantil.
650 2 8 _aEducación moral
_xAspectos religiosos.
700 1 _aRomero, Rita,
_eilustrador.
942 _2ddc
_cBK
_n0
999 _c62910
_d62909
980 _618226
_aJaime Vilcazán Jefe de Análisis Documental
_81
_gALBERTO SANCHEZ Responsable de Automatización